000 01289cam a22003497a 4500
003 CHAP
005 20220329142450.0
008 010329d2000 mx r 00110 spa d
010 _a83862
011 _a84834
035 _a95360
040 _cCHAP
090 _aTesis
100 0 0 _aMuñiz Reyes, Erica.
_979540
245 1 0 _aEtiología del agente causal de la mancha de la hoja y pudrición del tallo de difenbaquia (Dieffenbaquia amoena Bull) en Xochimilco, D.F.
_c/por Erica Muñiz Reyes
260 _aChapingo, Méx. :
_bEl autor,
_c2001.
300 _a69 h.
502 _aTesis (Ing. Agr. Esp. en Parasitología Agrícola) -- UACH. Departamento de Parasitología Agrícola
590 _aALEPH
_b10
_c20130110
_lUCH01
_h1441
590 _aBATCH-UPD
_b10
_c20130110
_lUCH01
_h1710
590 _aBATCH-UPD
_b10
_c20130410
_lUCH01
_h1056
590 _aBATCH-UPD
_b10
_c20130914
_lUCH01
_h1202
590 _aCONVERSION
_b10
_c20130109
_lUCH01
_h1347
650 1 4 _aDieffenbachia.
_932505
650 1 4 _aPlantas herbáceas.
_988998
650 1 4 _aPlantas
_xEnfermedades por hongos.
_988830
901 _aBK
905 _aMayto Villalobos S.
942 _cFOLL
949 _aTesis
_bBC
_cTES
_d33724000823381
_eTS2
_fc.2
_h38004
_i95360
_sb
949 _aTesis
_bBC
_cTES
_d953601
_eTS1
_h38003
_i95360
_sb
999 _c83862
_d83862